Best practice guide to environmental management (Record no. 106524)
[ view plain ]
| 000 -LEADER | |
|---|---|
| fixed length control field | 00847cam a2200217 4500 |
| 001 - CONTROL NUMBER | |
| control field | L136836 |
| 008 - FIXED-LENGTH DATA ELEMENTS--GENERAL INFORMATION | |
| fixed length control field | 070227n2006 000 0 eng u |
| 035 ## - SYSTEM CONTROL NUMBER | |
| System control number | (Sirsi) u136836 |
| 041 0# - LANGUAGE CODE | |
| Language code of text/sound track or separate title | eng |
| 050 04 - LIBRARY OF CONGRESS CALL NUMBER | |
| Classification number | 333.72 $2 18 |
| 110 2# - MAIN ENTRY--CORPORATE NAME | |
| Corporate name or jurisdiction name as entry element | British Council for Offices |
| 9 (RLIN) | 3992 |
| 245 00 - TITLE STATEMENT | |
| Title | Best practice guide to environmental management |
| 260 ## - PUBLICATION, DISTRIBUTION, ETC. | |
| Place of publication, distribution, etc. | London |
| Name of publisher, distributor, etc. | BCO |
| Date of publication, distribution, etc. | 2006 |
| 300 ## - PHYSICAL DESCRIPTION | |
| Extent | 74p. |
| Dimensions | 30cm. |
| 505 2# - FORMATTED CONTENTS NOTE | |
| Formatted contents note | Overview and drivers -- A guide for procurement, design and construction -- A guide for occupiers |
| 520 ## - SUMMARY, ETC. | |
| Summary, etc. | Provides a guide to sustainable development in the context of office procurement, refurbishment and construction. Discusses the drivers for change, government policy, European directives and asset value. |
| 590 ## - LOCAL NOTE (RLIN) | |
| Local note | KA |
| 651 #4 - SUBJECT ADDED ENTRY--GEOGRAPHIC NAME | |
| Geographic name | GREAT BRITAIN |
| 690 ## - LOCAL SUBJECT ADDED ENTRY--TOPICAL TERM (OCLC, RLIN) | |
| Topical term or geographic name as entry element | BUILT ENVIRONMENT-SUSTAINABLE CONSTRUCTION |
| 942 ## - ADDED ENTRY ELEMENTS (KOHA) | |
| Suppress in OPAC | 0 |
| Withdrawn status | Lost status | Source of classification or shelving scheme | Damaged status | Not for loan | Home library | Current library | Shelving location | Date acquired | Total Checkouts | Full call number | Barcode | Date last seen | Date last checked out | Copy number | Price effective from | Koha item type |
|---|---|---|---|---|---|---|---|---|---|---|---|---|---|---|---|---|
| Dewey Decimal Classification | London | London | Folio | 27/02/2007 | 3 | F333.72 BES | 30073666 | 06/08/2019 | 18/10/2007 | 1 | 06/08/2019 | Book |